000 00757nam a22001817a 4500
999 _c13084
_d13084
003 AR-CdUCM
008 190411b ||||| |||| 00| 0 spa d
040 _aMUNICIPALIDAD PROVINCIAL DEL CUSCO
_cBIBLIOTECA MUNICIPAL DEL CUSCO
082 _aEP / 372 /
_bG77
110 _aJohannah Gilman Paiva.
_931274
245 _aEl gran libro de lo fascinante :
_bTodo acerca de los atlas, los tiburones, el cuerpo humano, los insectos y los dinosaurios /
260 _aMéxico :
_bJohannah Gilman Paiva.
_c2015.
300 _a158 páginas ;
_c29 cm.
505 _aContenido :Todo acerca de los atlas -- Los tiburones -- El cuerpo humano -- Los insectos -- Los dinosaurios ...
650 _aHistoria infantil
_931275
942 _2ddc
_cLIBROS
945 _arum
_d2019-04-11